Inovácie ako zdroj konkurenčnej výhody spoločnosti Henkel v medzinárodnom obchode diplomová práca

Saved in:
Bibliographic Details
Main Author: Šarmírová, Ingrid
Corporate Author: Obchodná fakulta EU. Katedra tovaroznalectva a kvality tovaru
Other Authors: Knošková, Ľubica, 1965-
Format: Book
Language:Slovak
Published: Bratislava 2008
Tags: Add Tag
No Tags, Be the first to tag this record!

MARC

LEADER 00000nam$a2200000$$$4500
001 0085877
005 20240201115333.3
041 0 |a slo 
044 |a SK 
245 1 0 |a Inovácie ako zdroj konkurenčnej výhody spoločnosti Henkel v medzinárodnom obchode  |b diplomová práca  |c Ingrid Šarmírová ; škol. Ľubica Knošková 
264 1 |a Bratislava  |c 2008 
300 |a 89 s. 
100 1 |a Šarmírová, Ingrid 
700 1 |a Knošková, Ľubica, 1965- 
710 2 |a Obchodná fakulta EU. Katedra tovaroznalectva a kvality tovaru